<?xml version="1.0" encoding="UTF-8"?>
<marc:record xmlns:marc="http://www.loc.gov/MARC21/slim">
   <marc:leader>00000nam a2200000 a 4500</marc:leader>
   <marc:datafield ind1="1" ind2=" " tag="100">
      <marc:subfield code="a">Hallberg, Lin</marc:subfield>
      <marc:subfield code="4">aut</marc:subfield>
      <marc:subfield code="e">Verfasser/-in</marc:subfield>
   </marc:datafield>
   <marc:datafield ind1=" " ind2=" " tag="653">
      <marc:subfield code="a">Island</marc:subfield>
   </marc:datafield>
   <marc:datafield ind1=" " ind2=" " tag="653">
      <marc:subfield code="a">Roman</marc:subfield>
   </marc:datafield>
   <marc:datafield ind1=" " ind2=" " tag="653">
      <marc:subfield code="a">ab 16</marc:subfield>
   </marc:datafield>
   <marc:datafield ind1=" " ind2=" " tag="653">
      <marc:subfield code="a">Wildpferde</marc:subfield>
   </marc:datafield>
   <marc:datafield ind1=" " ind2=" " tag="653">
      <marc:subfield code="a">Großeltern</marc:subfield>
   </marc:datafield>
   <marc:datafield ind1=" " ind2=" " tag="653">
      <marc:subfield code="a">Junge Erwachsene</marc:subfield>
   </marc:datafield>
   <marc:datafield ind1="0" ind2="0" tag="245">
      <marc:subfield code="a">Verlass dich auf mich, morgen komme ich wieder</marc:subfield>
   </marc:datafield>
   <marc:datafield ind1=" " ind2="1" tag="264">
      <marc:subfield code="b">Franckh-Kosmos Verlags-GmbH  Co. KG</marc:subfield>
      <marc:subfield code="c">2013</marc:subfield>
   </marc:datafield>
   <marc:datafield ind1="1" ind2=" " tag="520">
      <marc:subfield code="a">Johanna liebt ihr Pferd Kasper über alles. Als es stirbt, geht für sie eine Welt unter. Da schickt ihre Mutter sie nach Island, das Land, in dem Johanna aufgewachsen ist, und nach dem sie immer Sehnsucht hatte. Sie erlebt einen alles verändernden Sommer: Auf der Farm ihrer Großeltern lernt Johanna nicht nur ihren Vater kennen, sondern auch alles über das Leben mit den Wildpferden. Und sie erfährt hier vor allem eins - wie wichtig Freiheit und Vertrauen sind. Nicht nur für die Wildpferde, sondern auch für sie selbst. Ein ergreifender und kraftvoller Roman, eine faszinierende Geschichte von Abschied und Neuanfang.</marc:subfield>
   </marc:datafield>
   <marc:datafield ind1="3" ind2=" " tag="024">
      <marc:subfield code="a">344013539X</marc:subfield>
   </marc:datafield>
</marc:record>
